000 00438nam a2200181Ia 4500
001 8496
005 20260306160613.0
008 260306t2013||||xx |||||||||||||| ||spa||
041 _aESP
082 _a371.1
_bO74
100 _aOrtiz, Beatriz
_eAUT
245 0 _aHablar, leer y escribir en el jardín de infantes
260 _c2013
300 _a124 páginas :
_c22 cm.
650 _aGEN
654 _aCED
942 _cLIB
_dJUS
_fJUS
_2ddc
_n
999 _c8496
_d8496